| 000 | 01482cam a2200265 a 4500 | ||
|---|---|---|---|
| 003 | OSt | ||
| 005 | 20250611153655.0 | ||
| 008 | 200213t2002 ck gr 000 f spa d | ||
| 020 | _a9588089425 | ||
| 040 |
_aCo-BoPUJ _cCO-JMCR |
||
| 041 | 0 | _aspa | |
| 082 | 0 | 4 |
_aA-N _bGARc1 |
| 100 | 1 |
_aGarcía Márquez, Gabriel, _eautor _9578 |
|
| 245 | 1 | 3 |
_aEl coronel no tiene quien le escriba / _cGabriel García Márquez |
| 260 |
_aBogotá : _bEl Tiempo, _c©2002 |
||
| 300 |
_a[95] páginas ; _c21 cm. |
||
| 490 | 0 | _aBiblioteca El Tiempo. Serie II clásicos | |
| 500 | _aIncluye datos biográficos del autor. | ||
| 520 | _aUn coronel sin nombre ni apellido conocidos, que conserva como su máximo orgullo el haber servido en la guerra civil a las órdenes del jefe revolucionario Aureliano Buendía, envejece en su pueblo mientras aguarda su pensión de veterano. Durante quince años, con puntualidad religiosa, ha ido todos los viernes a recibir en el puerto ribereño la lancha del correo, y cada vez a regresado a su casa con un nuevo desengaño. Así él y su mujer viven en la miseria ilusionados por una pensión que nunca llega, mientras que, de puertas para fuera, el coronel hace milagros para que los vecinos ignoren su penosa situación y de esta manera esquivar las falsas compasiones. | ||
| 650 | 1 | 4 |
_aNovela colombiana _925 |
| 650 | 2 | 4 |
_aLiteratura colombiana _923 |
| 650 | 2 | 4 |
_aEsperanza _xnovela _9579 |
| 650 | 2 | 4 |
_aPensiones militares _xnovela _9580 |
| 942 |
_2ddc _cBK |
||
| 999 |
_c6519 _d6519 |
||